000 01127cam a2200313 i 4500
001 30916
003 Mx-PuUPA
005 20250606151722.0
008 140415s2007 a gr 001 0 spa d
020 _a9682459435
040 _cMx-PuUPA
_aMx-PuUPA
_bspa
_dMx-PuUPA
_erda
041 0 _aspa
100 1 _aPérez Alamá, Vicente,
_916351
_eautor
245 1 0 _aMateriales y procedimientos de construcción :
_bapoyos aislados y corridos /
_cVicente Pérez Alamá
250 _aPrimera edición /
_benero
264 1 _aMéxico, D.F. :
_bEditorial Trillas,
_c2000
300 _a160 páginas :
_bilustraciones ;
_c27 cm
336 _2rdacontent
_atexto
_btxt
337 _2rdamedia
_asin medio
_bn
338 _2rdacarrier
_avolumen
_bnc
650 7 _2armarc
_aMateriales de construcción
650 7 _2armarc
_aColumnas
_vManuales, etc.
650 7 _2armarc
_aConstrucciones de hormigón
650 7 _2armarc
_aMuros
_vManuales, etc.
942 _2ddc
_cLI
_h690.13
_iP42
999 _c30916
_d30916